Library Logo

Pioneer International University Library Catalogue

Greek Way (Record no. 9903)

MARC details
000 -LEADER
fixed length control field 00402nam a22001577a 4500
003 - CONTROL NUMBER IDENTIFIER
control field OSt
005 - DATE AND TIME OF LATEST TRANSACTION
control field 20260123104815.0
008 - FIXED-LENGTH DATA ELEMENTS--GENERAL INFORMATION
fixed length control field 260123b |||||||| |||| 00| 0 eng d
020 ## - INTERNATIONAL STANDARD BOOK NUMBER
International Standard Book Number 039304162X
040 ## - CATALOGING SOURCE
Transcribing agency W. W. Norton & Company, Inc
050 ## - LIBRARY OF CONGRESS CALL NUMBER
Classification number DF 77 .H36 1943
245 ## - TITLE STATEMENT
Title Greek Way
Statement of responsibility, etc. Hamilton, Edith
250 ## - EDITION STATEMENT
Edition statement 1st ed
260 ## - PUBLICATION, DISTRIBUTION, ETC.
Place of publication, distribution, etc. USA
Name of publisher, distributor, etc. W. W. Norton & Company, Inc
Date of publication, distribution, etc. 1943
942 ## - ADDED ENTRY ELEMENTS (KOHA)
Source of classification or shelving scheme Dewey Decimal Classification
Koha item type Books
Suppress in OPAC No
Holdings
Withdrawn status Lost status Source of classification or shelving scheme Damaged status Not for loan Home library Current library Date acquired Total checkouts Barcode Date last seen Price effective from Koha item type
    Library of Congress Classification     PIU Library PIU Library 01/23/2026   PIUDL739 01/23/2026 01/23/2026 Books